000 00305nam a2200109 a 4500
005 20141022142001.0
008 100916s19uu xx 00 eng d
050 _aDVD
_bH65 2005
245 _aHorror in the East: turning against the West :
_bDeath before surrender.
260 _bBBC,
_c2005.
942 _cAVM
999 _c276279
_d276279